000 00522cam a22001932a 4500
001 010676
003 AR-FADEU
008 311216n1979####xxu####################dd
092 _aD346.1
_bG132
100 _aGagliardo, Mariano
245 _aLa mora en el derecho civil y comercial : su estructura y alcances
260 _aBuenos Aires
260 _bAbeledo-Perrot
260 _c1979
300 _a221 p
500 _aIncluye bibliografía
650 _aDERECHO CIVIL-MORA; DERECHO COMERCIAL-MORA
942 _cBDGR
999 _c16460
_d16460